000 00701nam a22002417a 4500
008 240702b mp ||||| |||| 00| 0 mon d
020 _a978-99973-1-604-2
035 _a27679
040 _aZA2481090
_bmon
_cMN-UlNLM
_dMN-UlNLM
_erda
041 _amon
042 _a59184
084 _2NNA
_a92
_bК-34
100 _aКелли Ж.Ф.
245 0 _aКодчилол
264 _aУлаанбаатар
_bМонсудар ХГ
_c2018
300 _a64х.
336 _2rdacontent
_atext
_btxt
337 _2rdamedia
_aunmediated
_bn
338 _2rdacarrier
_avolume
_bnc
490 _aОлж мэд
942 _2NNA
_cBK
999 _c1095344
_d1095401